000 00385nam a2200145Ia 4500
008 230917s9999||||xx |||||||||||||| ||und||
040 _e255790
_aMAIN
041 _aEnglish
082 _a363.728 R186E
100 _aRastogi, Mansi
245 0 _aEfficacy of microbial inoculation on municipal solid waste composting process
260 _c2018
300 _aix, 196 p.
942 _cTH
999 _c128350
_d128350